00236nam a2200085Ia 4500245002500000100005800025942000700083008004100090999001900131 0aVinkel en koljander  a GREEFF, Marijke Kaapstad, 2006 1ste uitg 915683 cBK210818s9999 xx 000 0 und d c454640d454639